| 000 | 00607nam a2200217Ia 4500 | ||
|---|---|---|---|
| 003 | OSt | ||
| 005 | 20230109092931.0 | ||
| 008 | 210210b1883 xxu||||| |||| 00| 0 eng d | ||
| 040 | _cAL | ||
| 041 | _aEnglish | ||
| 082 | _a915.487 CAMG | ||
| 100 |
_aCAMPBELL (James M) _968896 |
||
| 245 | _aGazetteer of Bombay Presidency: Volume XV-Part 1 Kanara | ||
| 260 |
_aBombay _bGovernment Central Press _c1883 |
||
| 300 |
_a454 p. _bHB _c24x15 cm. |
||
| 440 |
_aVolume XV Part I Kanara _968897 |
||
| 650 |
_aBombay Presidency Kanara _968898 |
||
| 690 |
_aGazetteers _968900 |
||
| 906 | _a046092 | ||
| 942 |
_2ddc _cBK |
||
| 999 |
_c95316 _d95316 |
||